Niektoré otázky financovania inovácií
V dôsledku globalizácie dochádza k určitej konvergencii podmienok financovania (najmä nákladov na kapitál). Globalizácia prináša špeciálne typy investovania, veľké zlepšenie podmienok najmä pre stredné a veľké podniky. Rozdielne finančné systémy v jednotlivých krajinách. Poukázanie na niektoré tende...
Salvato in:
| Autore principale: | |
|---|---|
| Natura: | Capitolo di libro |
| Lingua: | slovacco |
| Soggetti: | |
| Tags: |
Nessun Tag, puoi essere il primo ad aggiungerne!!
|
MARC
| LEADER | 00000naa$a2200000$$$4500 | ||
|---|---|---|---|
| 001 | 0039782 | ||
| 005 | 20240502071504.9 | ||
| 041 | 0 | |a slo | |
| 044 | |a SK | ||
| 245 | 1 | 0 | |a Niektoré otázky financovania inovácií |c Viktória Bobáková |
| 520 | |a V dôsledku globalizácie dochádza k určitej konvergencii podmienok financovania (najmä nákladov na kapitál). Globalizácia prináša špeciálne typy investovania, veľké zlepšenie podmienok najmä pre stredné a veľké podniky. Rozdielne finančné systémy v jednotlivých krajinách. Poukázanie na niektoré tendencie vo financovaní investícií. | ||
| 610 | 2 | 0 | |a financovanie |
| 610 | 2 | 0 | |a financovanie podnikov |
| 610 | 2 | 0 | |a zmeny štruktúrne |
| 610 | 2 | 0 | |a globalizácia |
| 610 | 2 | 0 | |a zdroje finančné |
| 610 | 2 | 0 | |a samofinancovanie |
| 610 | 2 | 0 | |a financovanie výskumu |
| 610 | 2 | 0 | |a inovácia |
| 610 | 2 | 0 | |a kapitál vlastný |
| 100 | 1 | |a Bobáková, Viktória | |